Be all you can be! / (Record no. 2542)

MARC details
000 -LEADER
fixed length control field 00708cam a2200241 a 4500
001 - CONTROL NUMBER
control field 535724
003 - CONTROL NUMBER IDENTIFIER
control field GBCCL
005 - DATE AND TIME OF LATEST TRANSACTION
control field 20241126110431.0
008 - FIXED-LENGTH DATA ELEMENTS--GENERAL INFORMATION
fixed length control field 870901s1987 ilu 000 0 eng
010 ## -
-- 87081008
020 ## - INTERNATIONAL STANDARD BOOK NUMBER
International Standard Book Number 0896937852
040 ## - CATALOGING SOURCE
Original cataloging agency DLC
Transcribing agency DLC
Modifying agency DLC
050 00 -
-- BV4501.2
-- .M414 1987
082 00 - DEWEY DECIMAL CLASSIFICATION NUMBER
Classification number 248.4871
Edition information 19
Item number MAX
100 1# - MAIN ENTRY--PERSONAL NAME
Personal name Maxwell, John C.,
Dates associated with a name 1947-
9 (RLIN) 3086
245 10 - TITLE STATEMENT
Title Be all you can be! /
Statement of responsibility, etc. John C. Maxwell.
260 ## - PUBLICATION, DISTRIBUTION, ETC.
Place of publication, distribution, etc. Wheaton, IL :
Name of publisher, distributor, etc. Victor Books,
Date of publication, distribution, etc. c1987.
300 ## - PHYSICAL DESCRIPTION
Extent 180 p. ;
Dimensions 24 cm.
600 10 - SUBJECT ADDED ENTRY--PERSONAL NAME
Personal name Maxwell, John C.,
Dates associated with a name 1947-
9 (RLIN) 3086
650 #0 - SUBJECT ADDED ENTRY--TOPICAL TERM
Topical term or geographic name entry element Success
General subdivision Religious aspects
-- Christianity.
9 (RLIN) 684
906 ## - LOCAL DATA ELEMENT F, LDF (RLIN)
a 7
b cbc
c orignew
d 2
e opcn
f 19
g y-gencatlg
942 ## - ADDED ENTRY ELEMENTS (KOHA)
Source of classification or shelving scheme Dewey Decimal Classification
Koha item type Books
Holdings
Withdrawn status Lost status Source of classification or shelving scheme Damaged status Not for loan Home library Current Library Shelving location Date acquired Total checkouts Full call number Barcode Date last seen Copy number Price effective from Koha item type
    Dewey Decimal Classification     GRACE BIBLE COLLEGE GRACE BIBLE COLLEGE Ministry & Mission 2017-08-23   248.4871 MAX 008509 2025-05-01 c.1 2017-08-23 Books
© Grace Bible College Library 2025